El verbo de las culturas : descubre cuál es tu verbo /

Guardado en:
Bibliografiske detaljer
Hovedforfatter: Rapaille, Clotire (autor)
Format: Bog
Sprog:spansk
Udgivet: México : Taurus, 2018, c2018
Serier:(Pensamiento Taurus)
Fag:
Tags: Tilføj Tag
Ingen Tags, Vær først til at tagge denne postø!

MARC

LEADER 00000nam^a2200000^a^4500
001 000353971
005 20250521000000.0
009 20260310115123.035
020 |a 978-607-113-602-2 
037 |a Acervo ITESO - Biblioteca 
041 |a ESP 
082 |a 306. 44  |b RAP 
100 |a Rapaille, Clotire  |e (autor) 
245 1 3 |a El verbo de las culturas :  |b descubre cuál es tu verbo /  |c C. Rapaille. 
264 4 |a México :  |b Taurus,  |c 2018, c2018 
300 |a 236 p. 
336 |a texto  |b txt  |2 rdacontenido 
337 |a sin mediación  |b n  |2 rdamedio 
338 |a volumen  |b nc  |2 rdasoporte 
440 1 |a (Pensamiento Taurus) 
649 |a XX 
650 |a Verbo 
650 |a Lengua y Habla -  |x Tema Principal 
650 |a Estereotipo 
650 |a Identidad Cultural -  |x Tema Principal 
650 |a Nacionalismo 
650 |a Prácticas Culturales 
650 |a Semiótica y Sociedad 
650 |a Sociolingüística 
650 |a Sociología de la Cultura 
910 |a Fondo General 
920 |a Impresos - Libros 
930 |a Colección General 
905 |a 101 
901 |a 0500246179  |b IT1  |c ACC  |i C146447  |u 20250521 
901 |a 0500340299  |b IT1  |c ACC  |i C171730  |u 20250521 
901 |a 0500340302  |b IT1  |c ACC  |i C171731  |u 20250521 
902 |a https://opac.biblio.iteso.mx/vufind/Record/000353971